Exploratívne vytváranie modelu protihráča a jeho využitie v tímovej hre

Na minha lista:
Detalhes bibliográficos
Autor principal: Tóth, Tomáš (Author)
Outros Autores: Žiak, Ján, 1979- (xxx)
Formato: Manuscrito Livro
Idioma:eslovaco
Publicado em: Bratislava : STU v Bratislave FIIT, 2006
Assuntos:
Tags: Adicionar Tag
Sem tags, seja o primeiro a adicionar uma tag!

MARC

LEADER 00000ntm a22000003a 4500
001 stu140471
005 20160720142919.1
008 070425s2006----xo------------------slo-d
040 |a STU  |b slo 
041 0 |a slo 
044 |a xo 
100 1 |a Tóth, Tomáš  |4 aut 
245 1 |a Exploratívne vytváranie modelu protihráča a jeho využitie v tímovej hre 
260 |a Bratislava :  |b STU v Bratislave FIIT,  |c 2006 
300 |a 62 s  |c príl. 
650 7 |a informatika  |2 stusub 
700 1 |a Žiak, Ján,  |d 1979-  |4 xxx  |u I300  |U FIIT Fakulta informatiky a informačných technológií  |T FIIT Ústav aplikovanej informatiky  |X 38090  |U I300  |Y 180  |7 A000038090 
996 |b IZP91/06  |c I*ZP91/06  |l II680  |s A  |a 24  |w stu140471_0001